Christian spirituality for seekers : (Record no. 118458)
[ view plain ]
| 000 -LEADER | |
|---|---|
| fixed length control field | 01138cam a2200313 a 4500 |
| 001 - CONTROL NUMBER | |
| control field | 17216247 |
| 003 - CONTROL NUMBER IDENTIFIER | |
| control field | ARRUPE |
| 005 - DATE AND TIME OF LATEST TRANSACTION | |
| control field | 20140129020010.0 |
| 008 - FIXED-LENGTH DATA ELEMENTS--GENERAL INFORMATION | |
| fixed length control field | 120319s2012 nyu 001 0 eng |
| 010 ## - LIBRARY OF CONGRESS CONTROL NUMBER | |
| LC control number | 2012008736 |
| 016 7# - NATIONAL BIBLIOGRAPHIC AGENCY CONTROL NUMBER | |
| Record control number | 016148023 |
| Source | Uk |
| 020 ## - INTERNATIONAL STANDARD BOOK NUMBER | |
| International Standard Book Number | 9781570759871 (pbk.) |
| 020 ## - INTERNATIONAL STANDARD BOOK NUMBER | |
| International Standard Book Number | 1570759871 (pbk.) |
| 035 ## - SYSTEM CONTROL NUMBER | |
| System control number | (OCoLC)ocn783861858 |
| 040 ## - CATALOGING SOURCE | |
| Original cataloging agency | DLC |
| Language of cataloging | eng |
| Transcribing agency | DLC |
| Modifying agency | YDX |
| -- | BTCTA |
| -- | UKMGB |
| -- | KAT |
| -- | YDXCP |
| -- | BWX |
| -- | CDX |
| -- | DLC |
| 042 ## - AUTHENTICATION CODE | |
| Authentication code | pcc |
| 050 00 - LIBRARY OF CONGRESS CALL NUMBER | |
| Classification number | BX2179.L8 |
| Item number | H25 2012 |
| 300 ## - PHYSICAL DESCRIPTION | |
| Dimensions | 24 cm. |
| 100 1# - MAIN ENTRY--PERSONAL NAME | |
| Personal name | Haight, Roger. |
| 9 (RLIN) | 2982 |
| 245 10 - TITLE STATEMENT | |
| Title | Christian spirituality for seekers : |
| Remainder of title | reflections on the Spiritual exercises of Ignatius Loyola / |
| Statement of responsibility, etc | Roger Haight. |
| 260 ## - PUBLICATION, DISTRIBUTION, ETC. (IMPRINT) | |
| Place of publication, distribution, etc | Maryknoll, N.Y. : |
| Name of publisher, distributor, etc | Orbis Books, |
| Date of publication, distribution, etc | c2012. |
| 300 ## - PHYSICAL DESCRIPTION | |
| Extent | xxvii, 291 p. ; |
| 500 ## - GENERAL NOTE | |
| General note | Includes index. |
| 600 00 - SUBJECT ADDED ENTRY--PERSONAL NAME | |
| Personal name | Ignatius, |
| Titles and other words associated with a name | of Loyola, Saint, |
| Dates associated with a name | 1491-1556. |
| Title of a work | Exercitia spiritualia. |
| 9 (RLIN) | 2983 |
| 650 #0 - SUBJECT ADDED ENTRY--TOPICAL TERM | |
| Topical term or geographic name as entry element | Spirituality |
| General subdivision | Catholic Church. |
| 9 (RLIN) | 2984 |
| 650 #0 - SUBJECT ADDED ENTRY--TOPICAL TERM | |
| Topical term or geographic name as entry element | Spiritual exercises. |
| 9 (RLIN) | 2985 |
| 906 ## - LOCAL DATA ELEMENT F, LDF (RLIN) | |
| a | 7 |
| b | cbc |
| c | orignew |
| d | 1 |
| e | ecip |
| f | 20 |
| g | y-gencatlg |
| 942 ## - ADDED ENTRY ELEMENTS (KOHA) | |
| Source of classification or shelving scheme | Library of Congress Classification |
| Koha item type | Monograph ( Printed materials) |
| Koha issues (borrowed), all copies | 2 |
| Withdrawn status | Lost status | Source of classification or shelving scheme | Damaged status | Not for loan | Collection code | Home library | Current library | Shelving location | Date acquired | Total Checkouts | Full call number | Barcode | Date last seen | Date checked out | Price effective from | Koha item type |
|---|---|---|---|---|---|---|---|---|---|---|---|---|---|---|---|---|
| Library of Congress Classification | Main Collection | ARRUPE LIBRARY | ARRUPE LIBRARY | Main Collection | 24/10/2013 | 5 | BX2179.L8 H25 2012 | 46411141 | 21/11/2019 | 23/10/2019 | 24/10/2013 | Monograph ( Printed materials) |